L' espace et le temps selon Aristote / (Record no. 107555)

MARC details
000 -LEADER
campo de control de longitud fija 00577nam a2200205 4500
001 - NÚMERO DE CONTROL
campo de control 107555
003 - IDENTIFICADOR DE NÚMERO DE CONTROL
campo de control ES-MaACL
005 - FECHA Y HORA DE LA ÚLTIMA TRANSACCIÓN
campo de control 20230906184438.0
007 - CAMPO FIJO DE DESCRIPCIÓN FÍSICA--INFORMACIÓN GENERAL
campo de control de longitud fija t|
008 - DATOS DE LONGITUD FIJA--INFORMACIÓN GENERAL
campo de control de longitud fija 061121s1985 it r ||||1| fre d
100 1# - ENTRADA PRINCIPAL--NOMBRE DE PERSONA
Nombre de persona Moreau, Joseph.
9 (RLIN) 83212
245 13 - MENCIÓN DEL TÍTULO
Título L' espace et le temps selon Aristote /
Mención de responsabilidad, etc. Joseph Moreau.
260 ## - PUBLICACIÓN, DISTRIBUCIÓN, ETC.
Lugar de publicación, distribución, etc. Padova :
Nombre del editor, distribuidor, etc. Antenore,
Fecha de publicación, distribución, etc. 1985.
300 ## - DESCRIPCIÓN FÍSICA
Extensión 212 p. ;
Dimensiones 22.
490 1# - MENCIÓN DE SERIE
Mención de serie Saggi e testi ;
Designación de volumen o secuencia 4
504 ## - NOTA DE BIBLIOGRAFÍA, ETC.
Nota de bibliografía, etc. Bibliografía. Indices.
830 0# - PUNTO DE ACCESO ADICIONAL DE SERIE-TÍTULO UNIFORME
Título uniforme Saggi e testi ;
Designación de volumen o secuencia 4
9 (RLIN) 232904
852 ## - LOCALIZACIÓN
Ubicación ES-MaACL
Número de control de estantería L-11685
Sublocalización o colección R.113305
Holdings
Estatus retirado Estado de pérdida Estado de daño No para préstamo Biblioteca de origen Biblioteca actual Ubicación en estantería Fecha de adquisición Fuente de adquisición Total de préstamos Signatura topográfica completa Código de barras Visto por última vez Precio de reemplazo Tipo de ítem Koha
        Biblioteca del Ateneo de Madrid Biblioteca del Ateneo de Madrid Depósito 2 17/01/2008     L-11685 1112248 23/02/2023 23/02/2023 Libro impreso